00602nam a2200169Ia 4500008004100000020001500041041000800056082001600064100005100080245004100131250000600172260005200178300001300230650003400243999001900277952013600296210716s2006 xx 000 0 und d a8120316193 aeng a004.35 SASM aSasikumar, M;Shikhare, Dinesh;Prakash, P Ravi. aIntroduction to parallel processing. a1 aNew DelhibPrentice Hall of India PVt Ltdc2006 aviii,266 aParallel Programming(005.275) c188247d188247 001040708MCAaAIMITbAIMITeHigginbothams Pvt Ltdg175.00l0o004.35 SASMpMCA07755r2025-07-21 00:00:00v140.00w2021-07-16yBK